Практический курс гетерогенного катализа: пер. с англ.

التفاصيل البيبلوغرافية
المؤلف الرئيسي: Сеттерфилд Ч. Н. Чарльз
الملخص:В книге известного ученого США в лаконичной форме изложены обширные данные о гетерогенном катализе, основных типах катализаторов, имеющих про-" мышленное значение, крупнотоннажных каталитических процессах Ценным приложением являются 75 задач, в которых читателю предоставляется~возможность дать свою интерпретацию результатов определенного экспериментального иссте-дования, оценить степень значимости катализаторов, эффектов и т дДля химиков широкого профиля — работников научно-исследовательских институтов и заводских лабораторий, студентов химико-технологических вузов
اللغة:الروسية
منشور في: Москва, Мир, 1984
الموضوعات:
التنسيق: كتاب
KOHA link:https://koha.lib.tpu.ru/cgi-bin/koha/opac-detail.pl?biblionumber=90160

MARC

LEADER 00000nam0a2200000 4500
001 90160
005 20231101213711.0
035 |a (RuTPU)RU\TPU\book\96697 
090 |a 90160 
100 |a 20060206d1984 km y0rusy50 ca 
101 1 |a rus  |c eng 
102 |a RU 
105 |a a z 001zy 
200 1 |a Практический курс гетерогенного катализа  |e пер. с англ.  |f Ч. Н. Сеттерфилд 
210 |a Москва  |c Мир  |d 1984 
215 |a 520 с.  |c ил. 
320 |a Библиография в конце глав. 
320 |a Предметный указатель: с. 507-515 
330 |a В книге известного ученого США в лаконичной форме изложены обширные данные о гетерогенном катализе, основных типах катализаторов, имеющих про-" мышленное значение, крупнотоннажных каталитических процессах Ценным приложением являются 75 задач, в которых читателю предоставляется~возможность дать свою интерпретацию результатов определенного экспериментального иссте-дования, оценить степень значимости катализаторов, эффектов и т дДля химиков широкого профиля — работников научно-исследовательских институтов и заводских лабораторий, студентов химико-технологических вузов 
606 1 |a Катализ гетерогенный  |2 stltpush  |3 (RuTPU)RU\TPU\subj\14042  |9 40537 
610 1 |a химия 
610 1 |a адсорбция 
610 1 |a каталитические реакции 
610 1 |a скорость 
610 1 |a кинетические модели 
610 1 |a катализаторы 
610 1 |a получение 
610 1 |a производство 
610 1 |a физические характеристики 
610 1 |a нанесенные металлические катализаторы 
610 1 |a кислотные катализаторы 
610 1 |a цеолитные катализаторы 
610 1 |a каталитическое окисление 
610 1 |a нефть 
610 1 |a углеводороды 
610 1 |a переработка 
610 1 |a синтез-газ 
610 1 |a конверсия 
610 1 |a синтез Фишера-Тропша 
610 1 |a метанол 
610 1 |a аммиак 
610 1 |a метанирование 
610 1 |a промышленные реакторы 
610 1 |a диффузия 
610 1 |a библиотека А. Г. Стромберга 
675 |a 544.47:544.344  |v 3 
700 1 |a Сеттерфилд  |b Ч. Н.  |g Чарльз 
801 1 |a RU  |b 63413507  |c 20060206  |g PSBO 
801 2 |a RU  |b 63413507  |c 20181102  |g PSBO 
942 |c BK